• 首页
  • 本馆介绍
  • 公告通知
  • 最新文献
  • 馆藏检索
  • 电子资源
  • 读者导购
  • 参考咨询
  • 我的图书馆
  • 登录
  • 详细信息显示
  • 放入我的书架
  • 预约/预借图书
  • 作者相关作品
  • 分类相关作品
  • 丛书相关作品
  • 出版社相关作品

书目信息

  • 表格格式
  • 工作单格式
  • 卡片格式
题名:
蜜蜂的饲养
    
 
作者: ;北京市农林科学院养蜂教研室 主编
分册:  
出版信息: 北京   农业出版社  1985
页数: 118页
开本: 19cm
丛书名:
单 册:
中图分类: S89 , S894
科图分类:
主题词: 养蜂 , 养蜂 , 益虫--饲养
电子资源:
ISBN: 7-109-02311-7
000 00783nam0 2200265 45
001 0185017313
005 20040520163158.2
010    @dCNY1.60@a7-109-02311-7
100    @a19951115d1985 em y0chiy0121 ea
101 0  @achi
102    @aCN@b110000
105    @ay z 000yy
106    @ar
200 10 @a蜜蜂的饲养@Ami feng de si yang@f北京市农林科学院养蜂教研室主编@FBei Jing Shi Nong Lin Ke Xue Yuan Yang Feng Jiao Yan Shi Zhu Bian
210    @a北京@c农业出版社@d1985
215    @a118页@d19cm
606    @a养蜂
606 0  @a养蜂
606 0  @a益虫@x饲养
690    @aS89@v3
690    @aS894
711 02 @a北京市农林科学院养蜂教研室@4主编@Ali sheng dong
801  0 @aCN@b深圳图书馆@c20040520
801  2 @aCN@bNLC@c20040520
905    @f3@b249815-817@f1@b249813@dS894@e13=2
    
    蜜蜂的饲养/北京市农林科学院养蜂教研室主编.-北京:农业出版社,1985
    118页;19cm
    
    
    ISBN 7-109-02311-7:CNY1.60
    
●
相关链接 在E读中查询图书 在五车中查询图书 在当当中查询图书 在豆瓣中查询图书


正题名:蜜蜂的饲养     索取号:S894/13=2         预约/预借

序号 登录号 条形码 馆藏地/架位号 状态 备注
1 0249813   000884010   密集书库/ [索取号:S894/13=2] 在馆    
2 0249814   000884029   第二样本阅览室/ [索取号:S894/13=2] 在馆    
3 0249815   000884074   密集书库/ [索取号:S894/13=2] 在馆    
4 0249816   000884065   密集书库/ [索取号:S894/13=2] 在馆    
5 0249817   000883976   密集书库/ [索取号:S894/13=2] 在馆    
唐山师范学院图书馆 欢迎您!
大连网信软件有限公司© 版权所有